Central Library OPAC University of Rajshahi

The London merchant / (Record no. 19579)

MARC details
000 -LEADER
fixed length control field 00848cam a2200277 a 4500
001 - CONTROL NUMBER
control field 19579
003 - CONTROL NUMBER IDENTIFIER
rucl marc code BD-RjUL
005 - DATE AND TIME OF LATEST TRANSACTION
control field 20211209000442.0
008 - FIXED-LENGTH DATA ELEMENTS--GENERAL INFORMATION
fixed length control field 140225s1965 nbu b 000 0 eng d
020 ## - INTERNATIONAL STANDARD BOOK NUMBER
International Standard Book Number 0803253656
035 ## - SYSTEM CONTROL NUMBER
System control number (BD-RjUL)19639
-- (OCoLC)300872
System control number (OCoLC)ocm00300872
System control number (NNC)4261478
040 ## - CATALOGING SOURCE
Original cataloging agency CtY
Transcribing agency CtY
Modifying agency NNC
Language of cataloging eng
041 ## - LANGUAGE CODE
Language code of text/sound track or separate title eng
082 00 - DEWEY DECIMAL CLASSIFICATION NUMBER
Classification number 822.5
Author mark and year LIL 1965
100 1# - MAIN ENTRY--PERSONAL NAME
Personal name Lillo, George,
Dates associated with a name 1693-1739.
9 (RLIN) 57879
245 14 - TITLE STATEMENT
Title The London merchant /
Statement of responsibility, etc. George Lillo ; edited by William H. McBurney.
260 ## - PUBLICATION, DISTRIBUTION, ETC. (IMPRINT)
Place of publication, distribution, etc. Lincoln :
Name of publisher, distributor, etc. University of Nebraska Press,
Date of publication, distribution, etc. c 1965.
300 ## - PHYSICAL DESCRIPTION
Pagination xxv, 106 p. ;
Size 21 cm.
504 ## - BIBLIOGRAPHY, ETC. NOTE
Bibliography, etc Includes bibliographical references.
650 #0 - SUBJECT ADDED ENTRY--TOPICAL TERM
Topical term or geographic name as entry element Drama
9 (RLIN) 60153
700 1# - ADDED ENTRY--PERSONAL NAME
Personal name McBurney, William H.
Fuller form of name (William Harlin),
Dates associated with a name 1919-1967.
942 ## - ADDED ENTRY ELEMENTS (KOHA)
Source of classification or shelving scheme Dewey Decimal Classification
Koha item type Books
Holdings
Lost status Source of classification or shelving scheme Damaged status Not for loan Collection code Permanent Location Current Location Shelving location Date acquired Source of acquisition Cost, normal purchase price Total Checkouts Full call number Date last seen Copy number Koha item type
  Dewey Decimal Classification   Not For Loan Fiction Central Library, University of Rajshahi Central Library, University of Rajshahi Reading Room 18/04/1967 Blackwell 15.00   822.5 LIL 1965 25/02/2014 C-1 Books
  Dewey Decimal Classification     Fiction Central Library, University of Rajshahi Central Library, University of Rajshahi   28/06/1968 Swets and Zeitlinger 15.00   822.5 LIL 1965 25/02/2014 C-2 Books
  Dewey Decimal Classification     Fiction Central Library, University of Rajshahi Central Library, University of Rajshahi   26/11/1969 Zeit 0.21   822.5 LIL 1965 25/02/2014 C-3 Books